000 00867nam a22002057a 4500
999 _c414
_d414
003 AR-CdUCM
008 190223b ||||| |||| 00| 0 spa d
040 _aMUNICIPALIDAD PROVINCIAL DEL CUSCO
_cBIBLIOTECA MUNICIPAL DEL CUSCO
082 _a401 /
_bES77
100 _aEscobar, Alberto
_91581
245 _aLenguaje y discriminación social en América Latina /
260 _aLima :
_bEditorial Carlos Milla Batres,
_c1972.
300 _a197 páginas ;
_c20 cm.
505 _aEl estado de la lingüística en América Latina -- Para qué sirve la lingüística al maestro de lengua -- Problemática de las lenguas nacionales -- Vernáculo, lengua oficial lengua nacional -- Lengua cultura y desarrollo...
650 _aLingüística.
_91640
650 _aAmérica Latina.
_91130
650 _adiscriminación.
_91641
942 _2ddc
_cLIBROS
945 _amvr
_d2019-02-23